1249 1362 1437 1223 1756 1165 1893 1391 1074 1877 1949 1352 1218 1637 1703 1181 1710 1297 1742 1680 1068 1155 1428 1583 1193 1672 1839 1996 1274 1438 1364 1930 1162 1221 1748 1400 1747 1777 1102 1678 1819 1437 1374 1714 1065 1625 1772 1504 1782 1838 1627 1346 1795 1550 1482 1191 1577 1958 1061 1598 1825 1556 1778 1531 1786 1088 1607 1788 1557 1298 1564 1340 1118 1090 1971 1305 1912 1392 1921 1248 1291 1119 1772 1300 1244 1368 1087 1949 1006 1385 1728 1772 1551 1329 1085 1179 1915 1275 1205 BCNSPRNW ULIB Ver.6.0+V

เปลี่ยนเป็นภาษาไทย

Change to English
 แสดงรายละเอียดบรรณานุกรม
  กลับหน้าหลัก

Brief Record : Get Marc (ISO 2709) : E-mail record : QR code < ปิดหน้าต่าง
LEADER : 00000nam 2200000uu 4500
001    13399112513
003     ULIB
008    110819s2550||||th 000 0 tha d
020    9789749410165
050 04 LB2822.75^bพ771ก 2550
100    พิสณุ ฟองศรี
245  0 การประเมินทางการศึกษา :^bแนวคิดสู่การปฏิบัติ /^cพิสณุ ฟองศรี
250    พิมพ์ครั้งที่ 4
260    กรุงเทพฯ :^bพรอพเพอร์ตี้พริ้นท์,^c2550
300    (9), 359 หน้า :^bภาพประกอบ ;^c26 ซม.
650  4 การประเมินทางการศึกษา
945    ^p250^l0^i024231
945    ^p250^l0^i024232
995    ทศพร
999 ^a ทศพร
รายการนี้ยังไม่มีแท็ก
คุณยังไม่ได้ล็อกอิน คุณสามารถมีกิจกรรมร่วมกับเว็บไซต์ได้ แต่ต้องล็อกอินก่อน ::
  ล็อกอิน

รายการสื่อสารสนเทศ

ลำดับที่ ประเภท เลขเรียก/บาร์โค้ด สถานที่ สถานะ
- ไม่พบข้อมูล -

รายการใกล้เคียง
    ผู้แต่ง [พิสณุ ฟองศรี]

    หัวเรื่อง [การประเมินทางการศึกษา]

BibComment


ยังไม่เคยถูกคอมเมนท์

คอมเมนท์ทรัพยากรรายการนี้
  คอมเมนท์: การประเมินทางการศ..


 Copyright 2026. Bcnsprnw @Library